Les Pokémon de couleur Jaune - Statistiques

Statistiques générales
  • Ce quiz a été pris 8 fois
  • Le résultat moyen est 34 sur 110
Statistiques - réponses
Nom % Correct
0014 Coconfort
100%
0026 Méga-Raichu X
100%
0026 Méga-Raichu Y
100%
0025 Pikachu
100%
0026 Raichu
100%
0125 Élektek
80%
0135 Voltali
80%
0015 Dardargnan
60%
0145 Électhor
60%
0145 Électhor de Galar
60%
0466 Élekable
60%
0239 Élekid
60%
0015 Méga-Dardargnan
60%
0052 Miaouss
60%
0172 Pichu
60%
0054 Psykokwak
60%
0027 Sabelette
60%
0096 Soporifik
60%
0595 Statitik
60%
0480 Créhelf
40%
0310 Élecsprint
40%
0038 Feunard
40%
0097 Hypnomade
40%
0385 Jirachi
40%
0310 Méga-Élecsprint
40%
0596 Mygavolt
40%
0053 Persian
40%
0028 Sablaireau
40%
0146 Sulfura
40%
0567 Aéroptéryx
20%
0416 Apireine
20%
0415 Apitrini
20%
0566 Arkéapti
20%
0559 Baggiguane
20%
0279 Bekipan
20%
0742 Bombydou
20%
0213 Caratroc
20%
0322 Chamallot
20%
0878 Charibari
20%
0267 Charmillon
20%
0869 Charmilly Lait Citron
20%
0869 Charmilly Mélange Ruby
20%
0869 Charmilly Mélange Tricolore
20%
0956 Cléopsytra
20%
0825 Coléodôme
20%
0488 Cresselia
20%
0702 Dedenne
20%
0982 Deusolourdo
20%
0156 Feurisson
20%
0955 Flotillon
20%
0836 Fulgudog
20%
0941 Fulgulairo
20%
0078 Galopa
20%
0694 Galvaran
20%
0203 Girafarig
20%
1000 Gromago
20%
0192 Héliatronc
20%
0155 Héricendre
20%
0870 Hexadron
20%
0695 Iguolta
20%
0206 Insolourdo
20%
1021 Ire-Foudre
20%
0647 Keldeo
20%
0433 Korillon
20%
0619 Kungfouine
20%
0540 Larveyette
20%
0296 Makuhita
20%
0542 Manternel
20%
0227 Méga-Airmure
20%
0701 Méga-Brutalibré
20%
0071 Méga-Empiflor
20%
0870 Méga-Hexadron
20%
0978 Méga-Nigirigon Forme Raide
20%
0181 Méga-Pharamp
20%
0774 Météno Noyau Jaune
20%
0778 Mimiqui
20%
0877 Morpeko Mode Rassasié
20%
0800 Necrozma Crinière du Couchant
20%
0312 Négapi
20%
0978 Nigirigon Forme Raide
20%
0291 Ninjask
20%
0103 Noadkoko
20%
0103 Noadkoko d’Alola
20%
0414 Papilord
20%
0926 Pâtachiot
20%
0181 Pharamp
20%
0741 Plumeline Style Pom-Pom
20%
0921 Pohm
20%
0923 Pohmarmotte
20%
0922 Pohmotte
20%
0077 Ponyta
20%
0311 Posipi
20%
0666 Prismillon Motif Continent
20%
0243 Raikou
20%
0894 Regieleki
20%
0743 Rubombelle
20%
0337 Séléroc
20%
0931 Tapatoès Plumage Jaune
20%
0948 Terracool
20%
0938 Têtampoule
20%
0785 Tokorico
20%
0191 Tournegrin
20%
0612 Tranchodon
20%
0563 Tutankafer
20%
0157 Typhlosion
20%
0157 Typhlosion de Hisui
20%
0800 Ultra-Necrozma
20%
0494 Victini
20%
0835 Voltoutou
20%
0807 Zeraora
20%
Aucun quiz correspondant
Distribution des résultats
% des personnes avec chaque résultat
Percentile par nombre de réponses
Votre historique - résultats
Vous n’avez pas pris ce quiz